Datum a čas kvízu
20.5
Celkem bodů
Celkový počet nahraných bodů na tomto kvízu bez doplňovacích otázek.
6.
Pořadí na kvízu
Konečné umístění týmu na tomto kvízu.
Zaznamenané odpovědi
| # | Otázka | Odpověď | Body | Výsledky |
|---|---|---|---|---|
| 1. | Česká diplomacie zaznamenala m... | Jiří Šedivý | 0 | |
| 2. | Minulý týden se ve Spojených s... | Joe Biden | 0 | |
| 3. | Jedna z nejslavnějších rockový... | Genesis | 1 | |
| 4. | V úterý byl vyhlášen Podnikate... | Oliver Dlouhý | 0 | |
| 5. | Naše reprezentantka Markéta Da... | Denise Herrmannová | 0 | |
| 6. | V následujících pěti otázkách... | krokodýl | 0 | |
| 7. | Desomorfin je syntetický opioi... | v Rusku | 1 | |
| 8. | Značka Crocs je známá předevší... | v USA | 1 | |
| 9. | Krokodýl Dundee je australská... | Paul Hogan, Mike | 0 | |
| 10. | Jak si říká muž, který v roce... | Elton John | 0 |